000 00449nam a2200181Ia 4500
005 20240823005702.0
008 240823s9999||||xx |||||||||||||| ||und||
082 _A658.4038 N8
100 _a"Laudon,Kenneth C"
245 0 _aManagement Information Systems
250 _a4th
260 _c1998
_b"PHI,New Delhi"
500 _aYES
650 _aInformation
_bManagement Studies
700 _a" Laudon,Jane P"
942 _cBK
999 _c156440
_d156440